Hempasan ombak
| Main Author: | |
|---|---|
| Format: | Book |
| Published: |
Kuala Lumpur :
DBP ,
1992
|
| Subjects: |
MARC
| LEADER | 00000cam a2200000 7i4500 | ||
|---|---|---|---|
| 001 | 0000006327 | ||
| 002 | 000006831 | ||
| 005 | 20000330.0 | ||
| 020 | |a 9836228489 | ||
| 090 | 0 | 0 | |a F |b ZAI |
| 100 | 0 | |a Zailiani Taslim | |
| 245 | 1 | 0 | |a Hempasan ombak |c Zailiani Taslim |
| 260 | |a Kuala Lumpur : |b DBP , |c 1992 | ||
| 300 | |a 209 p. ; |c 18 cm. | ||
| 650 | 0 | 0 | |a Malay fiction |
| 999 | |a 039313 |b BUKU |c PINJAMAN |e PERPUSTAKAAN KOMUNITI PETALING JAYA | ||
| 999 | |a 039314 |b BUKU |c PINJAMAN |e PERPUSTAKAAN KOMUNITI PETALING JAYA | ||